World rubber economy to the year 2000 (Record no. 37989)

MARC details
000 -LEADER
fixed length control field 00324nam a2200121Ia 4500
082 ## - DEWEY DECIMAL CLASSIFICATION NUMBER
Classification number NR:33(100)
Item number SMI;1
100 ## - MAIN ENTRY--AUTHOR NAME
Personal name Smit, Hidde Pieter
245 #0 - TITLE STATEMENT
Title World rubber economy to the year 2000
260 ## - PUBLICATION, DISTRIBUTION, ETC. (IMPRINT)
Name of publisher Offetdrukkerjt
Year of publication 1982
650 ## - SUBJECT ADDED ENTRY--TOPICAL TERM
Topical Term World rubber economy
942 ## - ADDED ENTRY ELEMENTS (KOHA)
Koha item type Books
Holdings
Withdrawn status Lost status Damaged status Not for loan Home library Current library Date acquired Cost, normal purchase price Full call number Accession Number Koha item type
        RRII Library RRII Library 16/12/2021 90.00 NR:33(100) SMI;1 18358 Books